Language Quiz

Random Language or Country Quiz

Which Language? V Quiz Stats

 Plays Quiz Updated Jul 7, 2017

Support Sporcle.
Go Orange.
Score 0/15 Timer 03:00
0 Plays Today
Question Answer Wrong Answers
Japan Japanese
98.3%
Cantonese
0.7%
Russian
0.1%
English
0.7%
Australia English
94.9%
Australian
4.6%
Cantonese
0.2%
Portuguese
0.3%
Hungary Hungarian
94.8%
English
0.5%
German
3%
Russian
1.3%
Thailand Thai
94.3%
Burmese
1.2%
Cantonese
2.1%
Hindi
1.2%
Serbia Serbian
93.1%
Hungarian
1.5%
Bosnian
1.3%
Yugoslavian
3%
Iraq Arabic
91.4%
Armenian
1%
Iranian
5.7%
Hindi
1.2%
Albania Albanian
88.3%
Greek
4.1%
Macedonian
2.3%
Russian
4.3%
Costa Rica Spanish
87%
English
1.8%
Portuguese
7.7%
Costan
2.2%
Belarus Russian
77.1%
Hungarian
9.1%
Polish
4.7%
Ukrainian
6.8%
Sudan Arabic
59%
French
20.3%
Dutch
2.3%
Zulu
16.6%
Nauru Nauruan
53%
English
29.7%
I-Kiribati
12.5%
Klingon
2.7%
Pakistan Punjabi
48.1%
Sindhi
6%
Hindi
17.8%
Arabic
26.7%
Guinea-Bissau Guinea-Bissau Creole
40.2%
Portuguese
18.9%
French
35.3%
Bengali
2.6%
Burundi Kirundi
33.8%
French
19.5%
Swahili
37.3%
English
6.5%
Afghanistan Dari
12.5%
Pashto
40.7%
Turkmen
3.2%
Arabic
41.2%

You're not logged in!

Compare scores with friends on all Sporcle quizzes.
OR
Log In
Forgot?

From the Vault

Four Bases of DNA

by TOARCH95

This DNA thing might be important, huh?
Remove Ads.
Support Sporcle.
Get the best of Sporcle when you Go Orange. This ad-free experience offers more features, more stats, and more fun while also helping to support Sporcle. Thank you for becoming a member.

Show Comments

Extras

Top Quizzes Today


Score Distribution

Your Account Isn't Verified!

In order to create a playlist on Sporcle, you need to verify the email address you used during registration. Go to your Sporcle Settings to finish the process.

Report this User

Report this user for behavior that violates our Community Guidelines.

Details: